000 00630nam a2200205Ia 4500
005 20250508163544.0
008 008 250505s9999 xx 000 0 eng d
037 _aTextual
040 _aFEDL
_beng
_cFEDL
041 _aeng
_2eng
084 _a510, NCE
_qFEDL
245 0 _aLet's learn mathematics, Book 1: A textbook for class 1
245 0 _cNCERT (New Delhi India)
260 _aNew Delhi, India
_bNational Council of Educational Research and Training
_c1987
300 _a128p
365 _aINR
_b200
546 _aAcc. No. 084310 is MACESE book
942 _cTEXL
_h510, NCE
999 _c1384056
_d1384056